Trouve le nom de ces Personnages de film et série (Photos/Facile) - Statistiques

Statistiques générales
  • Ce quiz a été pris 186 fois
  • Le résultat moyen est 12 sur 24
Statistiques - réponses
Par images Réponse % Correct
Harry Potter
100%
Iron Man
85%
T'choupi
85%
Alvin
83%
Flash
83%
Cendrillon
81%
Monkey D. Luffy
81%
Chucky
73%
Gandalf
66%
Son Goku
59%
Bumblebee
52%
Tokyo
52%
Edward Cullen
50%
Anakin Skywalker
46%
Maximus
38%
Livaï Ackerman
36%
Thanos
34%
Freddy Krueger
33%
Geralt de Riv
23%
Art le Clown
15%
Björn côtes de fer
13%
Seiya
13%
Assane Diop
11%
Joe Gardner
4%
Aucun quiz correspondant
Distribution des résultats
% des personnes avec chaque résultat
Percentile par nombre de réponses
Votre historique - résultats
Vous n’avez pas pris ce quiz